Antique furniture prices stall by 2% (Record no. 72093)

MARC details
000 -LEADER
fixed length control field 00794cam a2200205 4500
001 - CONTROL NUMBER
control field WB3906-01
008 - FIXED-LENGTH DATA ELEMENTS--GENERAL INFORMATION
fixed length control field 030211n2003 000 0 eng u
035 ## - SYSTEM CONTROL NUMBER
System control number (Sirsi) u121320
245 ## - TITLE STATEMENT
Title Antique furniture prices stall by 2%
260 ## - PUBLICATION, DISTRIBUTION, ETC.
Date of publication, distribution, etc. 2003
490 ## - SERIES STATEMENT
Series statement Antique Collecters' Club Press Release
Volume/sequential designation 2003 (2)
520 ## - SUMMARY, ETC.
Summary, etc. The Antique Collectors' Club Antique furniture index recorded a drop of 2% at the end of 2002. It fell from 3 575 to 3 492 from its opening figure of 100 in 1968. The decline is mainly due to slow trade since 11 September 2001. http://www.antique-acc.com/acatalog/FurnitureIndex.htm.
590 ## - LOCAL NOTE (RLIN)
Local note WB
650 ## - SUBJECT ADDED ENTRY--TOPICAL TERM
Topical term or geographic name entry element ANTIQUE COLLECTORS CLUB
650 ## - SUBJECT ADDED ENTRY--TOPICAL TERM
Topical term or geographic name entry element FURNITURE
650 ## - SUBJECT ADDED ENTRY--TOPICAL TERM
Topical term or geographic name entry element INDEX
650 ## - SUBJECT ADDED ENTRY--TOPICAL TERM
Topical term or geographic name entry element HOUSE PRICES
690 ## - LOCAL SUBJECT ADDED ENTRY--TOPICAL TERM (OCLC, RLIN)
Topical term or geographic name as entry element ANTIQUES AND FINE ART
942 ## - ADDED ENTRY ELEMENTS (KOHA)
Suppress in OPAC 0
Holdings
Withdrawn status Lost status Source of classification or shelving scheme Damaged status Not for loan Home library Current library Shelving location Date acquired Total Checkouts Full call number Barcode Date last seen Copy number Price effective from Koha item type
    Dewey Decimal Classification     London London News article 11/02/2003   WB3906-01 121320-1001 06/08/2019 1 06/08/2019 News article